[Event "Steinfurt Bezirksliga 0607"]
[Site "Germany"]
[Date "2007.03.03"]
[Round "7.5"]
[White "Heitmann, Andreas"]
[Black "Niedenzu, Gerhard"]
[Result "1/2-1/2"]
[WhiteElo "1459"]
[BlackElo "1507"]
[PlyCount "44"]
[EventDate "2006.09.09"]
[EventType "team-tourn"]
[EventRounds "9"]
[EventCountry "GER"]
[SourceTitle "EXT 2008"]
[Source "ChessBase"]
[SourceDate "2007.11.25"]
[SourceVersion "1"]
[SourceVersionDate "2007.11.25"]
[SourceQuality "1"]
[WhiteTeam "Nordwalde II"]
[BlackTeam "Ibbenbueren II"]
[WhiteTeamCountry "GER"]
[BlackTeamCountry "GER"]

1. e4 e5 2. Nf3 d6 3. h3 Be6 4. Nc3 Nf6 5. d4 exd4 6. Nxd4 Bd7 7. Bf4 Nc6 8. Bb5 Nxd4 9. Bxd7+ Qxd7 10. Qxd4 Be7 11. Rd1 0-0 12. e5 Ne8 13. Ne4 Qc6 14. 0-0 Rd8 15. exd6 Nxd6 16. Nxd6 Bxd6 17. Bxd6 Rxd6 18. Qxa7 Rxd1 19. Rxd1 Qxc2 20. Qd4 c5 21. Qd2 Qxd2 22. Rxd2 b6 1/2-1/2

[Event "Steinfurt Bezirksliga 0405"]
[Site "Germany"]
[Date "2005.03.05"]
[Round "7.4"]
[White "Heitmann, Andreas"]
[Black "Pfeiffer, Erich"]
[Result "0-1"]
[WhiteElo "1460"]
[BlackElo "1726"]
[PlyCount "54"]
[EventDate "2004.09.25"]
[EventType "team-tourn"]
[EventRounds "11"]
[EventCountry "GER"]
[SourceTitle "EXT 2006"]
[Source "ChessBase"]
[SourceDate "2005.11.24"]
[SourceVersion "1"]
[SourceVersionDate "2005.11.24"]
[SourceQuality "1"]
[WhiteTeam "Nordwalde II"]
[BlackTeam "Emsdetten Rochade II"]
[WhiteTeamCountry "GER"]
[BlackTeamCountry "GER"]

1. e4 c6 2. Nf3 d5 3. d3 dxe4 4. dxe4 Qxd1+ 5. Kxd1 Bg4 6. Be2 Nd7 7. h3 Bxf3 8. Bxf3 Ne5 9. Be2 0-0-0+ 10. Ke1 e6 11. Bf4 Bd6 12. Nd2 Nf6 13. f3 Nxf3+ 14. gxf3 Bxf4 15. Nc4 b5 16. Na3 Rd2 17. Bd3 Rd8 18. Rd1 Rh2 19. Rxh2 Bxh2 20. Nb1 Nd7 21. Nd2 Ne5 22. Ke2 Bf4 23. Nb3 Kc7 24. Nc5 a5 25. Nb3 Kb6 26. Nc1 c5 27. c3 Bxc1 0-1

[Event "Steinfurt Bezirksliga 0405"]
[Site "Germany"]
[Date "2005.01.15"]
[Round "5.3"]
[White "Hartmann, Eugen"]
[Black "Heitmann, Andreas"]
[Result "1/2-1/2"]
[WhiteElo "1745"]
[BlackElo "1460"]
[PlyCount "94"]
[EventDate "2004.09.25"]
[EventType "team-tourn"]
[EventRounds "11"]
[EventCountry "GER"]
[SourceTitle "EXT 2006"]
[Source "ChessBase"]
[SourceDate "2005.11.24"]
[SourceVersion "1"]
[SourceVersionDate "2005.11.24"]
[SourceQuality "1"]
[WhiteTeam "Ibbenbueren II"]
[BlackTeam "Nordwalde II"]
[WhiteTeamCountry "GER"]
[BlackTeamCountry "GER"]

1. d4 d5 2. c4 e6 3. Nc3 h6 4. Bf4 Nf6 5. e3 Bd6 6. Bxd6 Qxd6 7. c5 Qe7 8. Nf3 c6 9. Ne5 Nbd7 10. f4 Nxe5 11. fxe5 Nh7 12. Bd3 Qg5 13. Qf3 0-0 14. h4 Qe7 15. Qh5 Bd7 16. g4 f6 17. Qg6 f5 18. gxf5 exf5 19. 0-0-0 Rf7 20. Rdg1 Kh8 21. Ne2 Rg8 22. Nf4 Nf8 23. Qh5 Kh7 24. Nh3 g6 25. Qf3 Ne6 26. Nf4 Nxf4 27. exf4 h5 28. Rg5 Kh6 29. Rhg1 Rfg7 30. Qd1 Qe6 31. Be2 Be8 32. Qe1 Qd7 33. Bf3 Qe6 34. Qa5 a6 35. Qd8 Bf7 36. Qb6 Qd7 37. Re1 Be6 38. Qb3 Qe8 39. Qd1 Qf7 40. Reg1 Qe8 41. Qe1 Qd8 42. R5g2 Qe7 43. Qg3 Bd7 44. Re1 Be6 45. Rh2 Rh7 46. Bxh5 gxh5 47. Qf2 Rhg7 1/2-1/2

[Event "Steinfurt Bezirksliga 0203"]
[Site "Germany"]
[Date "2003.03.22"]
[Round "7.4"]
[White "Hartmann, Viktor"]
[Black "Heitmann, Andreas"]
[Result "1-0"]
[WhiteElo "1823"]
[BlackElo "1471"]
[PlyCount "91"]
[EventDate "2002.09.14"]
[EventType "team-tourn"]
[EventRounds "9"]
[EventCountry "GER"]
[SourceTitle "EXT 2004"]
[Source "ChessBase"]
[SourceDate "2003.11.25"]
[SourceVersion "1"]
[SourceVersionDate "2003.11.25"]
[SourceQuality "1"]
[WhiteTeam "Ibbenbueren II"]
[BlackTeam "Nordwalde II"]
[WhiteTeamCountry "GER"]
[BlackTeamCountry "GER"]

1. d4 d5 2. c4 Nf6 3. Nc3 e6 4. Bg5 Be7 5. c5 c6 6. Nf3 h6 7. Bh4 0-0 8. e3 Nbd7 9. Be2 b6 10. b4 bxc5 11. bxc5 Qa5 12. Qd2 Rb8 13. 0-0 Re8 14. Bg3 Rb7 15. h3 Bd8 16. Rfb1 Bc7 17. Bxc7 Qxc7 18. Nh2 e5 19. Rb3 exd4 20. exd4 Ne4 21. Nxe4 Rxe4 22. Rg3 Qf4 23. Re3 Nf6 24. Nf3 Bf5 25. Re1 Rxe3 26. g3 Ne4 27. gxf4 Nxd2 28. fxe3 Nxf3+ 29. Bxf3 Bxh3 30. e4 Re7 31. Kf2 Bd7 32. exd5 Rxe1 33. Kxe1 cxd5 34. Bxd5 Kf8 35. Kf2 Ke7 36. Bf3 f6 37. d5 Bc8 38. d6+ Kd7 39. Bg4+ Kd8 40. Bxc8 Kxc8 41. f5 Kd7 42. Ke3 Kd8 43. Ke4 Kd7 44. Kd5 h5 45. c6+ Kd8 46. Ke4 1-0